Populácia Slovenska z pohľadu druhého demografického prechodu

Stručná charakteristika druhého demografického prechodu v populácii Slovenska z pohľadu tých faktorov, ktoré ho výrazným spôsobom ovplyvnili. Metodika vychádza z použitia tradičných metód (historická, komparatívna, štatistická) a jej štatistické spracovanie sa opiera o údaje z evidencie pohybu obyva...

Descrizione completa

Salvato in:
Dettagli Bibliografici
Autore principale: Bačík, Miloš
Natura: Capitolo di libro
Lingua:slovacco
Soggetti:
Tags: Aggiungi Tag
Nessun Tag, puoi essere il primo ad aggiungerne!!

MARC

LEADER 00000nla a2200000 4500
001 0229394
005 20240417075114.0
041 0 |a slo 
044 |a SK 
245 1 0 |a Populácia Slovenska z pohľadu druhého demografického prechodu  |c Miloš Bačík 
520 |a Stručná charakteristika druhého demografického prechodu v populácii Slovenska z pohľadu tých faktorov, ktoré ho výrazným spôsobom ovplyvnili. Metodika vychádza z použitia tradičných metód (historická, komparatívna, štatistická) a jej štatistické spracovanie sa opiera o údaje z evidencie pohybu obyvateľstva a o dáta z cenzov. Prvý a druhý demografický prechod. Demografický prechod a populácia Slovenska. Vývoj základných demografických charakteristík v období socializmu a po zmene politického systému. Možné scenáre ďalšieho vývoja. 
610 2 0 |a populácia 
610 2 0 |a demografia 
610 2 0 |a rodina 
610 2 0 |a pôrodnosť 
610 2 0 |a manželstvo 
610 2 0 |a Slovensko 
610 2 0 |a socializmus 
100 1 |a Bačík, Miloš